| 000 | 01143nam a2200265Ia 4500 | ||
|---|---|---|---|
| 999 |
_c5347 _d5347 |
||
| 003 | OSt | ||
| 005 | 20200610015223.0 | ||
| 008 | 191128s1991 ck ad fr 000 0 spa d | ||
| 020 | _a9586013367 | ||
| 040 |
_aCO-JMCR _cCO-JMCR |
||
| 041 | 0 | _aspa | |
| 082 | 0 | 4 |
_a330.0151 / _bL865t2 _223 |
| 100 | 1 |
_aLora Torres, Eduardo, _eautor _95349 |
|
| 245 | 0 |
_aTécnicas de medición económica : _bmetodología y aplicaciones en Colombia / _cEduardo Lora Torres |
|
| 250 | _aSegunda edición | ||
| 260 |
_aBogotá : _bTercer Mundo ; Fedesarrollo, _c1991 |
||
| 300 |
_a490 páginas : _bgráficos a blanco y negro ; _c22 cm. |
||
| 490 | 0 | _aEconomía colombiana | |
| 505 | 0 | _aIndicadores de población -- Indicadores de empleo y desempleo -- Indicadores de nivel de vida, desigualdad y pobreza -- Conceptos de agregación económica -- Indicadores económicos agregados -- Un sistema simplificado de cuentas nacionales | |
| 650 | 1 | 4 |
_aEstadísticas económicas _zColombia _95360 |
| 650 | 1 | 4 |
_aEstadísticas sociales _zColombia _95361 |
| 650 | 1 | 4 |
_aModelos económicos _zColombia _95362 |
| 650 | 1 | 4 |
_aEconometría _zColombia _95363 |
| 942 |
_2ddc _cBK |
||